Comportamiento organizacional
Gespeichert in:
| Hauptverfasser: | , , |
|---|---|
| Format: | Buch |
| Sprache: | Spanisch |
| Veröffentlicht: |
Ciudad de México
Thomson
1999
|
| Ausgabe: | 8a. ed |
| Schlagworte: | |
| Tags: |
Tag hinzufügen
Keine Tags, Fügen Sie den ersten Tag hinzu!
|
MARC
| LEADER | 00000nam a2200000 a 4500 | ||
|---|---|---|---|
| 001 | UCI0827 | ||
| 003 | CL-VaPUC | ||
| 005 | 20241121114738.0 | ||
| 008 | 070601e19990000MX |||||||||||||||||spa|d | ||
| 999 | |c 325807 |d 325805 | ||
| 020 | |a 9687529644 | ||
| 040 | |c Pontificia Universidad Católica de Valparaíso | ||
| 082 | 0 | 4 | |a 658.3 |b HEL |2 21 |
| 100 | |a Hellriegel, Don |e author |9 598325 | ||
| 245 | 1 | 0 | |a Comportamiento organizacional |
| 250 | |a 8a. ed | ||
| 260 | |a Ciudad de México |b Thomson |c 1999 | ||
| 300 | |a 635 p | ||
| 583 | |a last modification |c 20170525 12:26:46 |k Rodrigo Vera | ||
| 650 | 0 | |a Organizaciones |9 893167 |x Conducta | |
| 650 | 0 | |a Conducta colectiva |9 892935 |x Organizaciones | |
| 650 | 0 | |a Liderazgo |2 CL-VaPUC |9 271835 | |
| 650 | 0 | |a Cultura de la organización |9 463742 | |
| 700 | 0 | |a Slocum, John W |e author |9 520956 | |
| 700 | 0 | |a Woodman, Richard W |e author |9 520957 | |
| 942 | |c BK |2 ddc | ||
| 945 | |d 20070601 00:00:00 |a jtorresc | ||
| 952 | |0 0 |1 0 |4 0 |6 658_300000000000000_HEL_1999 |7 0 |8 R |9 407155 |a BIBENE |b BIBENE |d 2019-11-22 |i 4344308 |l 1 |o 658.3 HEL 1999 |p 4344308 |r 2025-01-15 |s 2024-10-10 |w 2019-11-22 |y BK_R |k ICO | ||